| 000 | 00915cab a2200313 4500 | ||
|---|---|---|---|
| 001 | ABS59181 | ||
| 008 | 090401t1998 xxu||||| |||| 00| 0 eng d | ||
| 035 | _a(Sirsi) u88013 | ||
| 041 | _aeng | ||
| 100 | _aLawton, T, | ||
| 245 | _aCharity land: leases, licences and powers of trustees | ||
| 260 | _c1998 | ||
| 350 | _a0 | ||
| 490 |
_aSolicitors` Journal _v142(29) 24 July 1998, 688-689(2) |
||
| 520 | _aQuestions whether a charity can create a tenancy without the power to do so in the light of the Charities Act 1993 and the decision in "Gray v Taylor". | ||
| 650 | _aALMSHOUSES | ||
| 650 | _aCHARITIES ACT 1992 | ||
| 650 | _aCHARITIES ACT 1993 | ||
| 650 | _aCHARITY LAND | ||
| 650 | _aGRAY V TAYLOR | ||
| 650 | _aLEASES | ||
| 650 | _aLICENCES | ||
| 650 | _aRESIDENTIAL ACCOMMODATION | ||
| 650 | _aTENANCY | ||
| 650 | _aTRUSTEES | ||
| 690 | _aLAND | ||
| 942 | _n0 | ||
| 948 | _c17/08/1998 | ||
| 999 |
_c55570 _d55570 |
||